The fluent reader : (Record no. 265413)
[ view plain ]
| 000 -LEADER | |
|---|---|
| fixed length control field | 01372cam a22003975a 4500 |
| 001 - CONTROL NUMBER | |
| control field | 13592127 |
| 003 - CONTROL NUMBER IDENTIFIER | |
| control field | OSt |
| 005 - DATE AND TIME OF LATEST TRANSACTION | |
| control field | 20251202093713.0 |
| 008 - FIXED-LENGTH DATA ELEMENTS--GENERAL INFORMATION | |
| fixed length control field | 040513s2003 nyua b 001 0 eng d |
| 010 ## - LIBRARY OF CONGRESS CONTROL NUMBER | |
| LC control number | 2004272695 |
| 020 ## - INTERNATIONAL STANDARD BOOK NUMBER | |
| International Standard Book Number | 0439332087 |
| International Standard Book Number | 9780439332088 |
| 035 ## - SYSTEM CONTROL NUMBER | |
| System control number | 13592127 |
| System control number | (OCoLC)52314421 |
| 040 ## - CATALOGING SOURCE | |
| Original cataloging agency | KMM |
| Transcribing agency | KMM |
| Modifying agency | ORE |
| -- | OCLCQ |
| -- | DLC |
| 042 ## - AUTHENTICATION CODE | |
| Authentication code | lccopycat |
| 050 00 - LIBRARY OF CONGRESS CALL NUMBER | |
| Classification number | LB1573.5 |
| Item number | .R27 2003 |
| 100 1# - MAIN ENTRY--PERSONAL NAME | |
| Personal name | Rasinski, Timothy V. |
| 245 14 - TITLE STATEMENT | |
| Title | The fluent reader : |
| Remainder of title | oral reading strategies for building word recognition, fluency, and comprehension / |
| Statement of responsibility, etc | by Timothy V. Rasinski. |
| 260 ## - PUBLICATION, DISTRIBUTION, ETC. (IMPRINT) | |
| Place of publication, distribution, etc | New York : |
| Name of publisher, distributor, etc | Scholastic Professional Books, |
| Date of publication, distribution, etc | c2003. |
| 300 ## - PHYSICAL DESCRIPTION | |
| Extent | 192 p. : |
| Other physical details | ill. ; |
| Dimensions | 24 cm. |
| 336 ## - CONTENT TYPE | |
| Content type term | text |
| Content type code | txt |
| Source | rdacontent |
| 337 ## - MEDIA TYPE | |
| Media type term | unmediated |
| Media type code | n |
| Source | rdamedia |
| 338 ## - CARRIER TYPE | |
| Carrier type term | volume |
| Carrier type code | nc |
| Source | rdacarrier |
| 490 1# - SERIES STATEMENT | |
| Series statement | Theory and practice |
| 500 ## - GENERAL NOTE | |
| General note | "Foreword by James Hoffman"--Cover. |
| 504 ## - BIBLIOGRAPHY, ETC. NOTE | |
| Bibliography, etc | Includes bibliographical references (p. 177-183) and index. |
| 650 #0 - SUBJECT ADDED ENTRY--TOPICAL TERM | |
| Topical term or geographic name as entry element | Reading. |
| Topical term or geographic name as entry element | Oral reading |
| General subdivision | Study and teaching. |
| Topical term or geographic name as entry element | Readers. |
| 830 #0 - SERIES ADDED ENTRY--UNIFORM TITLE | |
| Uniform title | Theory and practice (New York, N.Y.) |
| 906 ## - LOCAL DATA ELEMENT F, LDF (RLIN) | |
| a | 7 |
| b | cbc |
| c | copycat |
| d | 2 |
| e | ncip |
| f | 20 |
| g | y-gencatlg |
| 942 ## - ADDED ENTRY ELEMENTS (KOHA) | |
| Source of classification or shelving scheme | Library of Congress Classification |
| Koha item type | Long Loan Books |
| Withdrawn status | Lost status | Source of classification or shelving scheme | Damaged status | Not for loan | Collection code | Home library | Current library | Shelving location | Date acquired | Source of acquisition | Total Checkouts | Full call number | Barcode | Date last seen | Price effective from | Koha item type |
|---|---|---|---|---|---|---|---|---|---|---|---|---|---|---|---|---|
| Library of Congress Classification | Non-fiction | Rongo University Library | Rongo University Library | General Stacks | 02/12/2025 | Books for Africa, Donation | LB1573.5 .R27 2003 | 20260800 | 02/12/2025 | 02/12/2025 | Long Loan Books |
